List, ktorý som nenapísala

Podrobná bibliografia
Hlavný autor: Mináčová, Libuša, 1925-2006 (Autor)
Médium: Článok
Jazyk:slovenčina
Fyzický popis:Fot. 1.
Predmet:

MARC

LEADER 00000nab a2200000 a 4500
001 vtls000069837
003 SK-MaSNL
005 20260303173507.0
008 111103c1980 xo 0 slo
015 |a SNBRB19rr/mm-uuuuu 
035 |a CL0079937 
040 |a SNKBUCL  |b slo  |c SNKBUCL  |e AACR2 
041 0 |a slo 
044 |a xo  |c SK 
080 |a 885.4-992  |2 1981 
080 |a 82  |2 1981 
080 |a 885.4  |2 1981 
080 |a 92 Mináčová, Libuša  |2 1981 
100 1 |a Mináčová, Libuša,  |d 1925-2006  |4 aut  |9 228673 
245 1 0 |a List, ktorý som nenapísala  |c Libuša Mináčová 
300 |b Fot. 1. 
650 0 7 |a reportáže beletristické  |2 snkbucl  |9 932195 
650 0 7 |a literatúra faktu  |2 snkbucl  |9 18459 
651 7 |a 5309  |2 snkbucl  |9 279317 
651 7 |a Tisovec (Slovensko)  |2 snkbucl  |9 31510 
655 7 |a články z novín a časopisov  |2 snkbucl  |9 267496 
655 7 |a články z odboru literárna veda a krásna literatúra  |2 snkbucl  |9 770045 
773 0 |t Život  |g Roč. 30, č. 42 (1980), s. 34-35 
850 |a Slovenská národná knižnica v Martine  |a MTA001 
852 |a SNK  |b KIS3GCP 
958 |a RK 
958 |a LX 
992 |a RBX 
999 |c 2092698  |d 2094628